00345 2200145 4500245005400000020002200054250001100076700001600087005001900103260003500122041001400157084000900171300001000180336000900190 aAda Surga Dirumahmu 7 orangtuacSri SuyamtihText a978-602-96164-6-0 acet.10 aSri Suyamti a20240925145105 aTangerangbHaqiena Mediac2013 aIndonesia aNONE a193 : atext